ARRUPE JESUIT UNIVERSITY

CORONAVIRUS -STOP THE SPREAD - CLEAN,DISINFECT,COVER

Crucifixions and resurrections of the image : (Record no. 119257)

MARC details
000 -LEADER
fixed length control field 01698cam a22003497a 4500
001 - CONTROL NUMBER
control field 16867406
003 - CONTROL NUMBER IDENTIFIER
control field ARRUPE
005 - DATE AND TIME OF LATEST TRANSACTION
control field 20131213123425.0
008 - FIXED-LENGTH DATA ELEMENTS--GENERAL INFORMATION
fixed length control field 110609s2009 enk b 000 0 eng d
010 ## - LIBRARY OF CONGRESS CONTROL NUMBER
LC control number 2011431849
020 ## - INTERNATIONAL STANDARD BOOK NUMBER
International Standard Book Number 9780334043416
020 ## - INTERNATIONAL STANDARD BOOK NUMBER
International Standard Book Number 0334043417
035 ## - SYSTEM CONTROL NUMBER
System control number (OCoLC)ocn441152282
040 ## - CATALOGING SOURCE
Original cataloging agency YDXCP
Transcribing agency YDXCP
Modifying agency BWK
-- HLS
-- EMT
-- CDX
-- DLC
042 ## - AUTHENTICATION CODE
Authentication code lccopycat
050 00 - LIBRARY OF CONGRESS CALL NUMBER
Classification number BR115.A8
Item number P38 2009
300 ## - PHYSICAL DESCRIPTION
Dimensions 22 cm.
100 1# - MAIN ENTRY--PERSONAL NAME
Personal name Pattison, George,
Dates associated with a name 1950-
9 (RLIN) 5691
245 10 - TITLE STATEMENT
Title Crucifixions and resurrections of the image :
Remainder of title Christian reflections on art and modernity /
Statement of responsibility, etc George Pattison.
246 14 - VARYING FORM OF TITLE
Title proper/short title Crucifixions & resurrections of the image :
Remainder of title Christian reflections on art and modernity
260 ## - PUBLICATION, DISTRIBUTION, ETC. (IMPRINT)
Place of publication, distribution, etc London :
Name of publisher, distributor, etc SCM Press,
Date of publication, distribution, etc 2009.
300 ## - PHYSICAL DESCRIPTION
Extent viii, 181 p. ;
504 ## - BIBLIOGRAPHY, ETC. NOTE
Bibliography, etc Includes bibliographical references (p. 179-181).
505 0# - FORMATTED CONTENTS NOTE
Formatted contents note The context and the inheritance -- Art, modernity and the death of God -- From creation to re-creation -- George Frederick Watts and 'Hope' -- After an end : unsaying painting -- Joseph Beuys : a leaf from the Book of Jeremiah -- Anselm Kiefer's 'Palm Sunday' -- Letters from America : Robert Natkin and friends -- Antony Gormley's 'Still Moving' -- A central Asian pietà -- Salvation unseen -- Cinema Paradiso.
650 #0 - SUBJECT ADDED ENTRY--TOPICAL TERM
Topical term or geographic name as entry element Christianity and art.
9 (RLIN) 5692
650 #0 - SUBJECT ADDED ENTRY--TOPICAL TERM
Topical term or geographic name as entry element Christianity and culture.
9 (RLIN) 5693
650 #0 - SUBJECT ADDED ENTRY--TOPICAL TERM
Topical term or geographic name as entry element Christianity and art
9 (RLIN) 5694
650 #0 - SUBJECT ADDED ENTRY--TOPICAL TERM
Topical term or geographic name as entry element Theology.
9 (RLIN) 5695
856 42 - ELECTRONIC LOCATION AND ACCESS
Materials specified Publisher description
Uniform Resource Identifier <a href="http://www.loc.gov/catdir/enhancements/fy1305/2011431849-d.html">http://www.loc.gov/catdir/enhancements/fy1305/2011431849-d.html</a>
906 ## - LOCAL DATA ELEMENT F, LDF (RLIN)
a 7
b cbc
c copycat
d 2
e ncip
f 20
g y-gencatlg
942 ## - ADDED ENTRY ELEMENTS (KOHA)
Source of classification or shelving scheme Library of Congress Classification
Koha item type Monograph ( Printed materials)
Holdings
Withdrawn status Lost status Source of classification or shelving scheme Damaged status Not for loan Home library Current library Shelving location Date acquired Total Checkouts Full call number Barcode Date last seen Price effective from Koha item type
    Library of Congress Classification     ARRUPE LIBRARY ARRUPE LIBRARY Main Collection 13/12/2013   BR115.A8 P38 2009 464122990 15/11/2016 13/12/2013 Monograph ( Printed materials)

 

Arrupe Library. PO Box MP320 Mt Pleasant, Harare, Zimbabwe
263 242 745411|librarian@aju.ac.zw